Logo BPK

Bibliografia Prac Pracowników

Politechniki Koszalińskiej

System approach to the intensification potential for machine-production processes / (Rekord nr 3914)

Szczegóły MARC
000 -ETYKIETA REKORDU
podpole kontrolne o stałej długości 01438naa a2200241 i 4500
001 - NUMER KONTROLNY REKORDU
podpole kontrolne 3914
003 - IDENTYFIKATOR NUMERU KONTROLNEGO REKORDU
podpole kontrolne KOSZ 005
005 - DATA OSTATNIEJ MODYFIKACJI REKORDU
podpole kontrolne 20190606151714.0
008 - POLE O STAŁEJ DŁUGOŚCI - DANE KONTROLNE
podpole kontrolne o stałej długości 140526s2010 pl f |000 0 eng
040 ## - ŹRÓDŁO KATALOGOWANIA
Instytucja, która utworzyła rekord KOSZ 005
Instytucja, która sporządziła opis KOSZ 005
Instytucja, która dokonała modyfikacji KOSZ 005/HR
041 ## - KOD JĘZYKA
Kod języka tekstu eng
Kod języka streszczenia lub abstraktu pol
080 ## - UNIWERSALNA KLASYFIKACJA DZIESIĘTNA - UKD
UKD 621.922/.924
100 1# - NAZWA OSOBOWA
Nazwa osobowa SŁOWIŃSKI, Bronisław.
Lata pracy 1996 - .
Instytucja Politechnika Koszalińska - Wydział Mechaniczny,
Wydział Katedra Inżynierii Produkcji, Zakład Metrologii i Jakości
245 10 - TYTUŁ/ODPOWIEDZIALNOŚĆ
Tytuł System approach to the intensification potential for machine-production processes /
Pozostałe elementy strefy tytułu i oznaczenia odpowiedzialności Bronisław Słowiński, Krzysztof Nadolny.
246 31 - WARIANT TYTUŁU
Tytuł Podejście systemowe do możliwości intensyfikacji maszynowych procesów produkcyjnych
500 ## - UWAGI OGÓLNE
Tekst uwagi Dane z autopsji.
520 ## - UWAGA DOTYCZĄCA TREŚCI DOKUMENTU
Analiza dokumentacyjna, adnotacja itp. W pracy prowadzono analizę obecnych kierunków doskonalenia procesów produkcyjnych. Stosowano podejście systemowe oraz cybernetyczny model "czarnej skrzynki". Przedstawiono koncepcje i wyniki badań opracowanej innowacyjnej metody szlifowania wewnętrznych powierzchni walcowych. Założono wykonanie operacji obróbkowej przy jednym przejściu narzędzia.
650 #0 - HASŁO PRZEDMIOTOWE W FORMIE NAZWY OGÓLNEJ LUB JEDNOSTKOWEJ
Nazwa ogólna lub geograficzna Powierzchnia.
650 #0 - HASŁO PRZEDMIOTOWE W FORMIE NAZWY OGÓLNEJ LUB JEDNOSTKOWEJ
Nazwa ogólna lub geograficzna Szlifowanie
700 1# - HASŁO DODATKOWE - NAZWA OSOBOWA
Nazwa osobowa NADOLNY, Krzysztof.
Lata pracy 2006 - .
Instytucja Politechnika Koszalińska - Wydział Mechaniczny,
Wydział Katedra Inżynierii Produkcji
773 0# - TYTUŁ DOKUMENTU MACIERZYSTEGO
Wyrażenie wprowadzające W :
Tytuł Advances in Manufacturing Science and Technology
Informacje dotyczące relacji 2010, T. 34, nr 1, s. 45-57
ISSN 1895-9881
942 ## - HASŁO DODATKOWE - ELEMENTY(KOHA)
Typ dokumentu Artykuł
Schemat klasyfikacji Uniwersalna klasyfikacja dziesiętna
Egzemplarze
Wycofany Zagubiony Uszkodzony Dostępność Lokalizacja stała Lokalizacja bieżąca Sygnatura Typ dokumentu
      Dostępny Bibliografia Prac Pracowników - BPK Bibliografia Prac Pracowników - BPK 0953 Artykuł
© 2014 Biblioteka Politechniki Koszalińskiej :: BIBLIOGRAFIA PRAC PRACOWNIKÓW